000 00765nam a22002297a 4500
005 20251108172728.0
008 250721s1999 xx 000 0 ara d
082 1 4 _a709.56/جود
100 1 _aجودي، محمد حسين
_eمؤلف
245 1 0 _aإبتكارات العرب في الفنون وأثرها في الفن الأوروبي في القرون الوسطى /
250 _aط.2.
264 1 _aعمان :
_bدار المسيرة للنشر،
_c1999.
300 _a96ص.
650 1 7 _aالفنون الجميلة
650 1 7 _aالزخرفة
650 1 7 _aالفنون الخزفية
650 1 7 _aالرسم
650 1 7 _aالحضارة الإسلامية
650 1 7 _aالبلدان العربية
942 _2ddc
_cBK
999 _c87017
_d87017